000 00832cam a2200217 i 4500
999 _c59645
_d59645
001 18467133
005 20230328164138.0
008 150128s2015 enk 000 0 eng
020 _a9780415732284x
041 _aeng
080 _a327.217(4) The-44
245 0 4 _aThe diplomatic system of the European Union :
_bevolution, change and challenges /
_cedited by Michael Smith, Stephan Keukeleire, and Sophie Vanhoonacker
264 1 _aLondon ;
_bRoutledge,
_c[2016].
300 _a282 pages ;
_c24 cm.
653 _aდიპლომატია
653 _aევრო კავშირი
700 1 _aSmith, Michael
_d
_eრედაქტორი
_911325
700 1 _aKeukeleire, Stephan
_eრედაქტორი
_910507
700 1 _aVanhoonacker, Sophie
_eრედაქტორი
_917299
942 _2udc
_cBK